LEADER 01153nam a2200241 i 4500 001 991000856149707536 008 100920s2010 ne b 001 0 eng 020 $a9789004183322 035 $ab13922348-39ule_inst 040 $aDip.to Filologia Class. e Scienze Filosofiche$bita 082 00$a273.4 100 1 $aDelCogliano, Mark$0473570 245 10$aBasil of Caesarea's anti-Eunomian theory of names :$bChristian theology and late-antique philosophy in the fourth century trinitarian controversy /$cby Mark DelCogliano 260 $aLeiden ;$aBoston :$bBrill,$c2010 300 $aXIV, 300 p. ;$c25 cm 490 1 $aSupplements to Vigiliae Christianae : texts and studies of early Christian life and language ;$v103 504 $aBibliografia: p. [267]-284. Indici 907 $a.b13922348$b16-11-10$c20-09-10 912 $a991000856149707536 945 $aLE007 880.1 Basilius Caesariensis DEL 01.501$g1$i2007000203774$lle007$nLE007 2010 Capone$op$pE108.00$q-$rl$s- $t0$u0$v0$w0$x0$y.i1519775x$z16-11-10 996 $aBasil of Caesarea's anti-Eunomian theory of names$9249489 997 $aUNISALENTO 998 $ale007$b20-09-10$cm$da $e-$feng$gne $h0$i0 LEADER 03609nam 2200457 450 001 9910794546503321 005 20230629215453.0 010 $a90-04-46704-1 035 $a(CKB)4100000011978156 035 $a(MiAaPQ)EBC6676522 035 $a(Au-PeEL)EBL6676522 035 $a(OCoLC)1260344432 035 $a(EXLCZ)994100000011978156 100 $a20220326d2021 uy 0 101 0 $aeng 135 $aurcnu|||||||| 181 $ctxt$2rdacontent 182 $cc$2rdamedia 183 $acr$2rdacarrier 200 00$aCritical digital literacies $eboundary-crossing practices /$fedited by JuliAnna Avila 210 1$aLeiden ;$aBoston :$cBrill,$d[2021] 210 4$dİ2021 215 $a1 online resource (243 pages) 225 1 $aCritical Media Literacies Series ;$vVolume 7 311 $a90-04-46703-3 327 $aIntroduction: Glimpsing the kaleidoscope of praxis / JuliAnna A?vila -- Reality as genre / Claire Ahn and Ernesto Pen?a -- "Your data can go to anyone" : the challenges of developing critical data literacies in children / Luci Pangrazio and Lourdes Cardozo-Gaibisso -- Bringing materiality into thinking about digital literacy : theories and practices of critical education in a digital age / Holger Po?tzsch -- Critical self-reflection and teaching tensions : activating critical approaches to digital literacies pedagogy among preservice English teachers / Amber Jensen -- Anticipating genders : critical digital assignments as sites of engagement / Elisabeth Johnson and Elena Galdeano -- Utilizing young adult literature to develop preservice English teachers' CDL-based pedagogical practices / Amy Piotrowski and Amanda Miller Plaizier -- Mobilities of youth print practices in cosmopolitan conversation video composition / Anna Smith and Matthew Hall -- Assessing critical digital literacies : challenging theory/illustrating practice / Mary Frances Rice -- "There's more going on" : critical digital game literacies and the imperative of praxis / Alexander Bacalja -- Rethinking CDL practices in second-language teacher education : podcasting as CDL narratives / Edison F. Castrillo?n-A?ngel and Rau?l Alberto Mora -- Conclusion: From mimeographs to new learning ecologies / Anna Smith. 330 $a"How would you implement Critical Digital Literacies in your own classrooms and educational programs? You will find a valuable resource to answer that question in this volume, with a pronounced focus on social justice. Seventeen contributors advance the theories and praxis of Critical Digital Literacies. Aimed at literacy, teacher education, and English Education practitioners, this volume explores critical practices with digital tools. The chapters highlight activities and approaches which cross the boundaries of: genre; critical data literacy; materiality; critical self-reflection; preservice teacher education; gender; young adult literature; multimodal composition; assessment; gaming; podcasting; and second-language teacher education. Authors also explore the challenges of carrying out both the critical and the digital within the context and confines of traditional schooling"--$cProvided by publisher. 410 0$aCritical media literacies series ;$vVolume 7. 606 $aComputer literacy 606 $aCritical pedagogy 615 0$aComputer literacy. 615 0$aCritical pedagogy. 676 $a004 702 $aA?vila$b JuliAnna 801 0$bMiAaPQ 801 1$bMiAaPQ 801 2$bMiAaPQ 906 $aBOOK 912 $a9910794546503321 996 $aCritical digital literacies$93732954 997 $aUNINA LEADER 03934oam 2200889zu 450 001 9910830308203321 005 20230124181243.0 010 $a0-470-84667-4 010 $a9786610555529 010 $a1-280-55552-1 035 $a(CKB)111056485557300 035 $a(SSID)ssj0000127296 035 $a(PQKBManifestationID)11139982 035 $a(PQKBTitleCode)TC0000127296 035 $a(PQKBWorkID)10052088 035 $a(PQKB)10667672 035 $a(MiAaPQ)EBC4956311 035 $a(Au-PeEL)EBL4956311 035 $a(CaONFJC)MIL55552 035 $a(OCoLC)1024237670 035 $a(EXLCZ)99111056485557300 100 $a20160829d2001 uy 101 0 $aeng 135 $aurcnu|||||||| 181 $ctxt 182 $cc 183 $acr 200 00$aComplexity in biological information processing 205 $a1st ed. 210 31$a[Place of publication not identified]$cJohn Wiley$d2001 215 $a1 online resource (258 pages) 225 1 $aNovartis Foundation Symposia ;$vv.Vol. 239 300 $aBibliographic Level Mode of Issuance: Monograph 311 $a0-471-49832-7 311 $a0-470-85186-4 330 $aMany human diseases arise from the malfunction of signalling components, in particular alterations of multiple components of an integrated signalling network. Experimental and computational tools to describe and quantify these changes are increasingly available, providing a wealth of data that can stimulate systematic analysis of the entire signalling network and enable prediction of disease states not easily recognizable from complex data sets. This groundbreaking book explores the structural and temporal complexity in biological signalling exemplified in neuronal, immunological, humoral and genetic signal transduction networks. With discussions between experimentalists and theoretically oriented scientists, this book takes an interdisciplinary approach that may help switch the analysis of biological signalling from descriptive to predictive science and capture the behaviour of entire systems. * Explores the structural and temporal complexity in biological signalling. * Represents an unusual collocation of three different areas: immunology, cell signalling and neural networks. * Contains interdisciplinary discussions between experimentalists and theoretically oriented scientists, in particular those working on computer simulations. 410 0$aNovartis Foundation Symposia 606 $aBiochemical Processes 606 $aCell Physiological Processes 606 $aBiology 606 $aBiochemical Phenomena 606 $aBiological Science Disciplines 606 $aCell Physiological Phenomena 606 $aChemical Processes 606 $aChemical Phenomena 606 $aPhenomena and Processes 606 $aNatural Science Disciplines 606 $aDisciplines and Occupations 606 $aComputational Biology 606 $aSignal Transduction 606 $aBiology$2HILCC 606 $aHealth & Biological Sciences$2HILCC 606 $aBiophysics$2HILCC 615 2$aBiochemical Processes 615 2$aCell Physiological Processes 615 2$aBiology 615 2$aBiochemical Phenomena 615 2$aBiological Science Disciplines 615 2$aCell Physiological Phenomena 615 2$aChemical Processes 615 2$aChemical Phenomena 615 2$aPhenomena and Processes 615 2$aNatural Science Disciplines 615 2$aDisciplines and Occupations 615 2$aComputational Biology 615 2$aSignal Transduction 615 7$aBiology 615 7$aHealth & Biological Sciences 615 7$aBiophysics 676 $a571.7 702 $aBock$b Gregory 702 $aGoode$b Jamie 801 0$bPQKB 906 $aBOOK 912 $a9910830308203321 996 $aComplexity in biological information processing$94074609 997 $aUNINA